Normal view MARC view
  • Brig (Retd) Muhammad Yousaf

Entry Personal Name

Number of records used in: 1

001 - CONTROL NUMBER

  • control field: 110449

003 - CONTROL NUMBER IDENTIFIER

  • control field: NUST

005 - DATE AND TIME OF LATEST TRANSACTION

  • control field: 20230316140018.0

008 - FIXED-LENGTH DATA ELEMENTS

  • fixed length control field: 230316|| aca||aabn | a|a d

040 ## - CATALOGING SOURCE

  • Original cataloging agency: NUST
  • Transcribing agency: NUST

100 ## - HEADING--PERSONAL NAME

  • Personal name: Brig (Retd) Muhammad Yousaf

670 ## - SOURCE DATA FOUND

  • Source citation: Work cat.: (NUST)187672: Brig (Retd) Muhammad Yousaf, Khamush Mujahid / , 1992
© 2023 Central Library, National University of Sciences and Technology. All Rights Reserved.